[Event "MFR_QT_2015"]
[Site "Nürnberg"]
[Date "2015.04.02"]
[Round "4.8"]
[White "Diebel, Günter"]
[Black "Nagel, Felix"]
[Result "1/2-1/2"]
[WhiteElo "1709"]
[BlackElo "1670"]
[PlyCount "43"]
[EventDate "2015.??.??"]
[WhiteTeam "SW Nürnberg Süd"]
[BlackTeam "SC Anderssen Nbg"]

1. e4 c6 2. Nf3 d5 3. e5 Bf5 4. d4 e6 5. Bd3 Bxd3 6. Qxd3 c5 7. Qb5+ Qd7 8. Nc3
a6 9. Qxd7+ Nxd7 10. Be3 Ne7 11. g4 Nc6 12. O-O-O c4 13. h4 Bb4 14. h5 Bxc3 15.
bxc3 b5 16. g5 Ne7 17. Nh4 g6 18. hxg6 fxg6 19. Rh2 O-O 20. Rdh1 Rf7 21. f4 Nf8
22. Kd2 1/2-1/2

[Event "MFR_QT_2015"]
[Site "Nürnberg"]
[Date "2015.04.02"]
[Round "4.9"]
[White "Gets, Alexej"]
[Black "Cordts, Elof"]
[Result "1-0"]
[WhiteElo "1643"]
[BlackElo "1779"]
[PlyCount "107"]
[EventDate "2015.??.??"]
[WhiteTeam "SC NT Nürnberg"]
[BlackTeam "SC Erlangen"]

1. c4 c5 2. Nc3 Nc6 3. Nf3 Nf6 4. d3 d5 5. cxd5 Nxd5 6. e4 Nc7 7. Be2 e5 8. O-O
Be7 9. Be3 O-O 10. Qd2 Be6 11. Rac1 Rc8 12. Na4 b6 13. b3 Nd4 14. Nxe5 Ncb5 15.
f4 Nxe2+ 16. Qxe2 f5 17. Nb2 Bf6 18. Nbc4 Re8 19. Nf3 Nc3 20. Qc2 fxe4 21. dxe4
Bxc4 22. bxc4 Nxe4 23. Rcd1 Qe7 24. Rfe1 h6 25. Bc1 Qb7 26. Bb2 Bxb2 27. Qxb2
Nf6 28. Ne5 Rcd8 29. Qc2 Rxd1 30. Rxd1 Qc7 31. Qg6 Rf8 32. g4 b5 33. g5 hxg5
34. Qxg5 Qc8 35. cxb5 c4 36. Ng6 Re8 37. Rd6 Qh3 38. Qg3 Qxg3+ 39. hxg3 Re1+
40. Kf2 Ne4+ 41. Kxe1 Nxd6 42. a4 Ne4 43. Ne7+ Kf8 44. Nc6 Nc3 45. Nxa7 Nxa4
46. Nc8 Nc5 47. Kd1 Nd7 48. b6 c3 49. Kc2 Ke8 50. Nd6+ Ke7 51. Nc4 Ke6 52. Kxc3
Kf5 53. b7 Kg4 54. Ne5+ 1-0

[Event "MFR_QT_2015"]
[Site "Nürnberg"]
[Date "2015.04.02"]
[Round "4.10"]
[White "Rummel, Gerald"]
[Black "Müller, Ludwig"]
[Result "0-1"]
[WhiteElo "1809"]
[BlackElo "1601"]
[PlyCount "88"]
[EventDate "2015.??.??"]
[WhiteTeam "SC Anderssen Nbg"]
[BlackTeam "SG Nürnberg 1978 e.V."]

1. Nf3 Nf6 2. c4 c5 3. g3 b6 4. Bg2 Bb7 5. Nc3 e6 6. O-O Be7 7. b3 O-O 8. Bb2
d5 9. e3 Nbd7 10. cxd5 Nxd5 11. Nxd5 Bxd5 12. Qe2 Bf6 13. Bxf6 Nxf6 14. d3 Qc7
15. Rac1 Qb7 16. e4 Bc6 17. Ne5 Rac8 18. f4 Bb5 19. f5 Qb8 20. Nc4 Bxc4 21.
bxc4 Qe5 22. Kh1 Rcd8 23. Rf4 g5 24. fxg6 fxg6 25. Rcf1 Nd7 26. Bh3 Rxf4 27.
gxf4 Qf6 28. e5 Qe7 29. Qe4 Nf8 30. Bg2 Qd7 31. Rd1 Qd4 32. Qxd4 Rxd4 33. Be4
Rd7 34. Kg2 Rf7 35. Kg3 Nd7 36. a4 Nf8 37. h4 Kg7 38. a5 bxa5 39. Ra1 Rc7 40.
Rxa5 Kf7 41. Kg4 Kg7 42. Kg5 h6+ 43. Kg4 h5+ 44. Kg5 Nh7# 0-1

[Event "MFR_QT_2015"]
[Site "Nürnberg"]
[Date "2015.04.02"]
[Round "4.11"]
[White "Schöne, Steffen"]
[Black "Zeug, Klaus-Peter"]
[Result "1-0"]
[WhiteElo "1719"]
[BlackElo "1613"]
[PlyCount "121"]
[EventDate "2015.??.??"]
[WhiteTeam "SG Zabo-Eintr Nbg"]
[BlackTeam "SK Nürnberg"]

1. Nf3 d5 2. c4 e6 3. Nc3 Nf6 4. e3 c6 5. b3 Nbd7 6. Bb2 Bd6 7. Qc2 O-O 8. Be2
h6 9. Nd4 Re8 10. f4 c5 11. Ndb5 Be7 12. Nd1 a6 13. Nbc3 d4 14. Ne4 e5 15. Ndf2
Nxe4 16. Nxe4 Bf8 17. O-O Nb8 18. fxe5 Rxe5 19. exd4 cxd4 20. Bd3 Nc6 21. Ng3
Be6 22. Ne2 Nb4 23. Qb1 Nxd3 24. Qxd3 Bc5 25. a3 Qd7 26. Kh1 Bf5 27. Rxf5 Qxf5
28. Qxf5 Rxf5 29. Nxd4 Bxd4 30. Bxd4 Rf4 31. Be3 Re4 32. Rf1 f6 33. g3 Rd8 34.
Kg2 Rd3 35. Kf3 Re8 36. Rb1 Kf7 37. a4 a5 38. Ke2 Rd6 39. b4 axb4 40. Rxb4 Ra6
41. Rxb7+ Re7 42. Rxe7+ Kxe7 43. Kd3 Rxa4 44. Kc3 Kd7 45. Kb3 Ra6 46. Kb4 Re6
47. Kb5 h5 48. h4 g5 49. c5 gxh4 50. gxh4 Re4 51. Bf2 Rg4 52. d4 f5 53. Kb6 Kc8
54. Kc6 f4 55. d5 Rg2 56. Bd4 f3 57. d6 Rg6 58. Kd5 Kd8 59. c6 Rh6 60. Bb6+ Kc8
61. d7+ 1-0

[Event "MFR_QT_2015"]
[Site "Nürnberg"]
[Date "2015.04.02"]
[Round "4.12"]
[White "Dreiseitel, Werner"]
[Black "Walch, Roger"]
[Result "1/2-1/2"]
[WhiteElo "1571"]
[BlackElo "1757"]
[PlyCount "44"]
[EventDate "2015.??.??"]
[WhiteTeam "SC NT Nürnberg"]
[BlackTeam "SW Nürnberg Süd"]

1. d4 Nf6 2. Nf3 c5 3. d5 g6 4. c4 b5 5. cxb5 Bg7 6. Nc3 a6 7. e4 d6 8. Qc2 O-O
9. Be3 axb5 10. Bxb5 Ba6 11. O-O Bxb5 12. Nxb5 Qa5 13. Nc3 Na6 14. a3 Rfb8 15.
Bd2 Qc7 16. Rab1 c4 17. Ne2 Rc8 18. Bc3 Qb6 19. h3 Rab8 20. Ned4 Nc5 21. Nc6
Rb7 22. Nd2 Qb5 1/2-1/2

[Event "MFR_QT_2015"]
[Site "Nürnberg"]
[Date "2015.04.02"]
[Round "4.13"]
[White "Schmucker, Jonas"]
[Black "Münzenberg, Dietrich"]
[Result "0-1"]
[WhiteElo "1447"]
[BlackElo "1729"]
[PlyCount "68"]
[EventDate "2015.??.??"]
[WhiteTeam "SC NT Nürnberg"]
[BlackTeam "Zabo-Eintracht Nürnberg"]

1. e4 c6 2. d4 d5 3. Nc3 dxe4 4. Nxe4 Nd7 5. Nf3 Ngf6 6. Bd3 Nxe4 7. Bxe4 Nf6
8. Qd3 Bg4 9. Bd2 e6 10. Be3 Nxe4 11. Qxe4 Bf5 12. Qf4 Bxc2 13. O-O Bd6 14. Qg4
O-O 15. Bh6 Bg6 16. Bg5 Qc7 17. h4 f5 18. Qh3 Bh5 19. Rfe1 h6 20. Bd2 Bg4 21.
Qh1 Rae8 22. Ne5 Bh5 23. Qh3 Bxe5 24. dxe5 Rd8 25. Bb4 c5 26. Bc3 Rd5 27. b4
Rfd8 28. bxc5 Rd3 29. Re3 Rd1+ 30. Rxd1 Rxd1+ 31. Kh2 Qxc5 32. Qg3 Qc4 33. Re1
f4 34. Qh3 Rd3 0-1

[Event "MFR_QT_2015"]
[Site "Nürnberg"]
[Date "2015.04.02"]
[Round "4.14"]
[White "Holland, Arthur"]
[Black "Dreiseitel, Ursula"]
[Result "1-0"]
[WhiteElo "1837"]
[BlackElo "1483"]
[PlyCount "89"]
[EventDate "2015.??.??"]
[WhiteTeam "SG Zabo-Eintr. Nbg"]
[BlackTeam "SC NT Nürnberg"]

1. e4 e6 2. d4 d5 3. Nc3 Nf6 4. Bg5 Be7 5. e5 Nfd7 6. h4 a6 7. Nf3 c5 8. dxc5
Nxc5 9. Qd2 Nc6 10. O-O-O Qc7 11. Bf4 Nd7 12. Nxd5 Qd8 13. Nxe7 Nxe7 14. Bd3
Nc5 15. Qb4 Qc7 16. Be2 b5 17. Be3 Nd7 18. Rd6 Bb7 19. Rhd1 Nd5 20. Qd4 Rc8 21.
c3 O-O 22. Bd3 Nc5 23. Bc2 Qa5 24. a3 Qc7 25. Ng5 f5 26. Nxe6 Nxe6 27. Rxe6 f4
28. Qd3 g6 29. Bd4 Qf7 30. Rd6 Rce8 31. Bb3 Qf5 32. Qxf5 Rxf5 33. Bxd5+ Bxd5
34. Rxd5 f3 35. g3 Rc8 36. Rd6 a5 37. e6 b4 38. Rd7 Re8 39. Rg7+ Kf8 40. Re1
Re7 41. Rxe7 Kxe7 42. axb4 axb4 43. cxb4 Rb5 44. Bc5+ Ke8 45. Kc2 1-0

[Event "MFR_QT_2015"]
[Site "Nürnberg"]
[Date "2015.04.02"]
[Round "4.15"]
[White "Sroka, Dieter"]
[Black "Leibel, Georg"]
[Result "1-0"]
[WhiteElo "1752"]
[BlackElo "1221"]
[PlyCount "93"]
[EventDate "2015.??.??"]
[WhiteTeam "SC  JÄKLECHEMIE"]
[BlackTeam "SC NT Nürnberg"]

1. d4 d5 2. Nf3 Nc6 3. c4 e5 4. dxe5 d4 5. a3 g6 6. e3 dxe3 7. Qxd8+ Nxd8 8.
Bxe3 Bg7 9. Nc3 Ne7 10. Nb5 Ne6 11. Nxa7 Bd7 12. Nb5 Bxb5 13. cxb5 O-O 14. Bc4
b6 15. O-O Nf5 16. Bd2 Rad8 17. Bc3 Rd7 18. Rad1 Rfd8 19. Rxd7 Rxd7 20. g3 Ne7
21. Bxe6 fxe6 22. Ng5 Nd5 23. Nxe6 Nxc3 24. bxc3 Bxe5 25. Nd4 Bxd4 26. cxd4
Rxd4 27. Rc1 Rd7 28. Rc4 Kg7 29. h4 Rd1+ 30. Kg2 Rd7 31. g4 h6 32. a4 Re7 33.
Kf3 Kf6 34. Rc6+ Kg7 35. Rc4 Kf7 36. Kf4 Kg7 37. f3 Kf7 38. Rc6 Kg7 39. Rc4 Kf7
40. Re4 Re6 41. Rxe6 Kxe6 42. Ke4 Kd6 43. Kd4 Ke6 44. f4 Kd6 45. f5 g5 46. h5
Ke7 47. Ke5 1-0

[Event "MFR_QT_2015"]
[Site "Nürnberg"]
[Date "2015.04.02"]
[Round "4.16"]
[White "Röckl, Adelbert"]
[Black "Hauck, Martin"]
[Result "1-0"]
[WhiteElo "1596"]
[BlackElo "904"]
[PlyCount "89"]
[EventDate "2015.??.??"]
[WhiteTeam "SG Zabo-Eintr Nbg"]
[BlackTeam "SC NT Nürnberg 1873"]

1. c4 Nc6 2. Nc3 e6 3. Nf3 Nf6 4. e4 d6 5. d4 d5 6. cxd5 exd5 7. e5 Qe7 8. Be2
Be6 9. exf6 gxf6 10. Bf4 O-O-O 11. a3 a6 12. b4 Na7 13. Rc1 c6 14. O-O h5 15.
Na4 Re8 16. Re1 Bh6 17. Qd2 Reg8 18. Bf1 h4 19. Bxh6 Rxg2+ 20. Bxg2 Rg8 21.
Nxh4 Rg4 22. Nf5 Qc7 23. Ng3 f5 24. Nc5 f4 25. Nxe6 Qd6 26. Bxf4 Qe7 27. Ng5
Qf8 28. Qe2 Rxf4 29. Qe8+ Qxe8 30. Rxe8+ Kc7 31. Bxd5 Rxd4 32. Bxf7 Kb6 33. Ne6
Rd3 34. a4 Ra3 35. a5+ Kb5 36. Ra8 Rf3 37. Nd4+ Kxb4 38. Nxf3 Kxa5 39. Rxa7 b5
40. Ra1+ Kb6 41. R7xa6+ Kc5 42. Rxc6+ Kxc6 43. Nd4+ Kc5 44. Nxb5 Kxb5 45. h4
1-0

[Event "MFR_QT_2015"]
[Site "Nürnberg"]
[Date "2015.04.02"]
[Round "4.17"]
[White "Grieneisen Pivatto, Nicolas"]
[Black "Majid, Hakim"]
[Result "1-0"]
[WhiteElo "1412"]
[BlackElo "1287"]
[PlyCount "26"]
[EventDate "2015.??.??"]
[WhiteTeam "FSV Großenseebach"]
[BlackTeam "SW Nürnberg Süd e.V."]

1. d4 e5 2. dxe5 d6 3. exd6 Bxd6 4. Nc3 Nf6 5. Nf3 Nc6 6. e4 Qe7 7. Bd3 Bg4 8.
h3 Bh5 9. Be3 O-O-O 10. Qe2 Kb8 11. a3 Ne5 12. g4 Nfxg4 13. hxg4 Bxg4 1-0

[Event "MFR_QT_2015"]
[Site "Nürnberg"]
[Date "2015.04.02"]
[Round "4.18"]
[White "Nam, Siwon"]
[Black "Grieneisen Pivatto, Tanja"]
[Result "0-1"]
[WhiteElo "1250"]
[BlackElo "1055"]
[PlyCount "40"]
[EventDate "2015.??.??"]
[WhiteTeam "SC NT Nürnberg"]
[BlackTeam "FSV Großenseebach"]

1. e4 e5 2. Nf3 Nc6 3. d4 d6 4. dxe5 Qe7 5. exd6 Qxe4+ 6. Qe2 Nf6 7. Qxe4+ Nxe4
8. Bd3 Nxd6 9. Bf4 Nb4 10. Bxd6 Bxd6 11. Bb5+ c6 12. Bc4 Nxc2+ 13. Kd1 Nxa1 14.
Nc3 O-O 15. Kd2 Bf4+ 16. Ke2 Nc2 17. a3 Re8+ 18. Kf1 Bg4 19. g3 Bxf3 20. Rg1
Re1# 0-1

[Event "MFR_QT_2015"]
[Site "Nürnberg"]
[Date "2015.04.02"]
[Round "4.19"]
[White "Huber, Dominik"]
[Black "Mishurisman, Daniel"]
[Result "1-0"]
[WhiteElo "1087"]
[BlackElo "841"]
[PlyCount "81"]
[EventDate "2015.??.??"]
[WhiteTeam "SC NT Nürnberg"]
[BlackTeam "SC NT Nürnberg"]

1. e4 e5 2. Nf3 Nc6 3. Bc4 Bc5 4. d3 d6 5. Nc3 Nf6 6. Bg5 Bg4 7. h3 Bh5 8. g4
Bg6 9. Nd5 Qd7 10. Bxf6 gxf6 11. Nxf6+ Kd8 12. Nxd7 Kxd7 13. Qd2 Rae8 14. h4 h6
15. h5 Bh7 16. Bxf7 Ref8 17. O-O-O Bb4 18. Qxh6 Rxf7 19. Ng5 Re7 20. Qf6 Ree8
21. Qg7+ Ne7 22. Nxh7 Rhg8 23. Nf6+ Kd8 24. Nxg8 Nxg8 25. Qg5+ Ne7 26. a3 Ba5
27. Qe3 Bb6 28. Qe2 c6 29. Rdg1 d5 30. exd5 cxd5 31. Qxe5 Nc6 32. Qxd5+ Kc8 33.
Re1 Rd8 34. Qf7 Ba5 35. Re8 Bc7 36. Qe6+ Kb8 37. Re1 a6 38. Rxd8+ Nxd8 39. Qd7
a5 40. Re7 Bf4+ 41. Kd1 1-0

[Event "MFR_QT_2015"]
[Site "Nürnberg"]
[Date "2015.04.02"]
[Round "5.1"]
[White "Lais, Thomas"]
[Black "Pidtoptanyy, Igor"]
[Result "1/2-1/2"]
[WhiteElo "1936"]
[BlackElo "1959"]
[PlyCount "37"]
[EventDate "2015.??.??"]
[WhiteTeam "SW Nürnberg Süd"]
[BlackTeam "SW Nürnberg Süd"]

1. e4 e5 2. Nf3 Nc6 3. Bb5 f5 4. d3 fxe4 5. dxe4 Nf6 6. O-O d6 7. Nc3 a6 8. Bc4
Bg4 9. Be3 Na5 10. Be2 Be7 11. Bg5 Be6 12. b3 O-O 13. Qd2 Nc6 14. Rad1 Bf7 15.
Bxf6 Bxf6 16. Nd5 Bg6 17. Qe3 Kh8 18. c3 Qc8 19. h3 1/2-1/2

[Event "MFR_QT_2015"]
[Site "Nürnberg"]
[Date "2015.04.02"]
[Round "5.2"]
[White "Birkmann, Günther"]
[Black "Walter, Manfred"]
[Result "1/2-1/2"]
[WhiteElo "2052"]
[BlackElo "1729"]
[PlyCount "38"]
[EventDate "2015.??.??"]
[WhiteTeam "SK Zirndorf e.V."]
[BlackTeam "SV Lauf"]

1. Nf3 d6 2. d4 Nf6 3. c4 Nbd7 4. Nc3 e5 5. e4 c6 6. Be2 Be7 7. O-O O-O 8. Re1
a6 9. a4 a5 10. Bf1 Qb6 11. c5 Qc7 12. cxd6 Bxd6 13. g3 exd4 14. Nxd4 Nc5 15.
f4 Qb6 16. Kh1 Ng4 17. Qd2 Ne6 18. Nc2 Bc5 19. Qe2 Nd4 1/2-1/2

[Event "MFR_QT_2015"]
[Site "Nürnberg"]
[Date "2015.04.02"]
[Round "5.3"]
[White "Süß, Helmut"]
[Black "Weißmann, Peter"]
[Result "1-0"]
[WhiteElo "1955"]
[BlackElo "1795"]
[PlyCount "97"]
[EventDate "2015.??.??"]
[WhiteTeam "SC NT Nürnberg"]
[BlackTeam "SK Zirndorf"]

1. d4 f5 2. Bg5 Nf6 3. Bxf6 exf6 4. e3 d5 5. Bd3 Bd6 6. Ne2 O-O 7. g3 b6 8. c3
c5 9. dxc5 bxc5 10. Bxf5 d4 11. Bxc8 Qxc8 12. cxd4 cxd4 13. Nxd4 Bb4+ 14. Nd2
Bxd2+ 15. Qxd2 Qb7 16. O-O Nc6 17. Nxc6 Qxc6 18. Rac1 Qe6 19. b3 Rfd8 20. Qb4
Rac8 21. Qb7 h5 22. Rxc8 Rxc8 23. Rd1 Qg4 24. Qd7 Rc2 25. Qxg4 hxg4 26. Rd4
Rxa2 27. Rxg4 a5 28. Ra4 Rb2 29. Rxa5 Rxb3 30. h4 Kf7 31. Kg2 Kg6 32. g4 Rb2
33. Kf3 Rb3 34. h5+ Kh6 35. Rf5 Ra3 36. Rb5 Rc3 37. Rb8 Kh7 38. Kf4 Rc2 39. f3
Rc4+ 40. e4 Rc3 41. Rb5 Kh6 42. e5 fxe5+ 43. Rxe5 Ra3 44. Re6+ Kh7 45. g5 Rb3
46. Re7 Ra3 47. h6 Kg6 48. Rxg7+ Kh5 49. h7 1-0

[Event "MFR_QT_2015"]
[Site "Nürnberg"]
[Date "2015.04.02"]
[Round "5.4"]
[White "Hoffmann, Sebastian"]
[Black "Gets, Alexej"]
[Result "0-1"]
[WhiteElo "1796"]
[BlackElo "1643"]
[PlyCount "79"]
[EventDate "2015.??.??"]
[WhiteTeam "SC NT Nürnberg"]
[BlackTeam "SC NT Nürnberg"]

1. e4 e5 2. Nf3 Nf6 3. Nc3 Nc6 4. d4 exd4 5. Nxd4 Bb4 6. Nxc6 bxc6 7. Bd3 Bxc3+
8. bxc3 h6 9. O-O O-O 10. e5 Nh7 11. Qg4 d5 12. Qg3 Kh8 13. f4 f5 14. Ba3 Rg8
15. Qg6 Nf8 16. Qxc6 Rb8 17. Bxf8 Rb6 18. Bxg7+ Rxg7 19. Qa4 Rbg6 20. Rf2 c5
21. Qa3 c4 22. Bf1 Ra6 23. Qc1 Be6 24. g3 Rd7 25. Qd1 Ra3 26. Qh5 Kh7 27. g4
Qg8 28. g5 Qg7 29. Rf3 Bf7 30. Qh3 Qg6 31. Rg3 Qb6+ 32. Kh1 Qe6 33. gxh6 Bg6
34. Be2 d4 35. Rag1 Rxc3 36. Rxc3 dxc3 37. Qxc3 Kxh6 38. Qh3+ Kg7 39. Bh5 Qd5+
40. Qg2 0-1

[Event "MFR_QT_2015"]
[Site "Nürnberg"]
[Date "2015.04.02"]
[Round "5.7"]
[White "Diller, Andreas"]
[Black "Diebel, Günter"]
[Result "1-0"]
[WhiteElo "1572"]
[BlackElo "1709"]
[PlyCount "59"]
[EventDate "2015.??.??"]
[WhiteTeam "SK Rothenburg e.V."]
[BlackTeam "SW Nürnberg Süd"]

1. e4 c6 2. f4 d5 3. e5 Bf5 4. Nf3 h6 5. d4 e6 6. Bd3 Ne7 7. O-O Nd7 8. Nc3 a6
9. Be3 Rc8 10. b4 Bxd3 11. Qxd3 Nf5 12. a3 b5 13. Rfb1 Nb6 14. a4 Nc4 15. Bf2
Be7 16. Nd2 g5 17. Ne2 gxf4 18. Nxf4 Bg5 19. Nxc4 Bxf4 20. Ne3 Bxe3 21. Bxe3
Rg8 22. axb5 cxb5 23. c3 Rc6 24. Bf4 h5 25. Rxa6 Rc4 26. Rba1 Rg4 27. Ra8 Rc8
28. Qxb5+ Kf8 29. Qb7 Qh4 30. Qxc8+ 1-0

[Event "MFR_QT_2015"]
[Site "Nürnberg"]
[Date "2015.04.02"]
[Round "5.8"]
[White "Müller, Ludwig"]
[Black "Schanz, Karlheinz"]
[Result "1/2-1/2"]
[WhiteElo "1601"]
[BlackElo "1905"]
[PlyCount "169"]
[EventDate "2015.??.??"]
[WhiteTeam "SG Nürnberg 1978 e.V."]
[BlackTeam "SC Mühlh.-Reichelsdorf"]

1. Nf3 d5 2. d4 Bf5 3. e3 e6 4. c4 Nf6 5. a3 c6 6. Nc3 Nbd7 7. c5 Qc7 8. Bd3
Bxd3 9. Qxd3 e5 10. Qe2 e4 11. Nd2 Be7 12. b4 O-O 13. O-O Ne8 14. f3 f5 15.
fxe4 fxe4 16. Rxf8+ Nxf8 17. Bb2 Nf6 18. Rf1 Qd7 19. h3 Ng6 20. Qf2 Rf8 21. Qf5
Nh4 22. Qxd7 Nxd7 23. Rxf8+ Nxf8 24. Nf1 Nf5 25. Ne2 Ne6 26. Bc3 Bg5 27. Bd2
Kf7 28. Neg3 g6 29. Nxf5 gxf5 30. g3 Kg6 31. Kf2 h5 32. h4 Bh6 33. Bc1 Nxd4 34.
Bb2 Ne6 35. Nd2 Bg7 36. Bxg7 Kxg7 37. Nb3 Kf7 38. Ke2 Kf6 39. Na5 Nd8 40. Nb3
Ke5 41. Kd2 b6 42. cxb6 axb6 43. a4 Nb7 44. a5 bxa5 45. bxa5 Nd6 46. a6 Nb5 47.
Nd4 Na7 48. Nb3 Kd6 49. Kc3 c5 50. Na5 Nb5+ 51. Kb3 Kc7 52. Nb7 Kb6 53. Nd8 Nd6
54. Ne6 Nb5 55. Nf4 d4 56. exd4 cxd4 57. Nxh5 Nd6 58. Nf4 Kxa6 59. h5 Kb5 60.
h6 e3 61. h7 Nf7 62. Nd3 Nh8 63. Kc2 Kc4 64. Nb2+ Kd5 65. Kd3 Ng6 66. Nc4 Ke6
67. Nb2 Kd5 68. Ke2 Ke4 69. Nd3 Nh8 70. Nf4 Nf7 71. Nd3 Kd5 72. Nf4+ Kc4 73.
Nd3 Kc3 74. Nf4 Kc2 75. Nd3 Nh8 76. Ne5 Kc3 77. Nd3 Ng6 78. Ne1 Nh8 79. Nd3 Kb3
80. Nf4 Kc2 81. Nd3 Ng6 82. Nb4+ Kb3 83. Nd3 Nh8 84. Nf4 Kc4 85. Nd3 1/2-1/2

[Event "MFR_QT_2015"]
[Site "Nürnberg"]
[Date "2015.04.02"]
[Round "5.9"]
[White "Kuhmann, Peter"]
[Black "Röckl, Adelbert"]
[Result "1-0"]
[WhiteElo "1969"]
[BlackElo "1596"]
[PlyCount "67"]
[EventDate "2015.??.??"]
[WhiteTeam "TSV Kirchehrenbach"]
[BlackTeam "SG Zabo-Eintr Nbg"]

1. f4 c5 2. Nf3 Nc6 3. e3 g6 4. c4 Bg7 5. Nc3 e6 6. Be2 Nge7 7. O-O O-O 8. d4
cxd4 9. exd4 d5 10. c5 a6 11. Be3 Bd7 12. Na4 Nc8 13. Ne5 Nxe5 14. fxe5 Qa5 15.
Nc3 b5 16. Bg5 b4 17. Nb1 Bb5 18. Nd2 Bxe2 19. Qxe2 Qc7 20. a3 bxa3 21. Rxa3 a5
22. b4 Ne7 23. Bxe7 Qxe7 24. b5 f6 25. Nf3 fxe5 26. Nxe5 Rxf1+ 27. Kxf1 Qg5 28.
Rf3 a4 29. b6 Bxe5 30. Qxe5 Qxe5 31. dxe5 a3 32. b7 Rb8 33. c6 a2 34. Ra3 1-0

[Event "MFR_QT_2015"]
[Site "Nürnberg"]
[Date "2015.04.02"]
[Round "5.10"]
[White "Münzenberg, Dietrich"]
[Black "Sroka, Dieter"]
[Result "1/2-1/2"]
[WhiteElo "1729"]
[BlackElo "1752"]
[PlyCount "40"]
[EventDate "2015.??.??"]
[WhiteTeam "Zabo-Eintracht Nürnberg"]
[BlackTeam "SC  JÄKLECHEMIE"]

1. d4 d5 2. Bg5 g6 3. Nf3 Bg7 4. c3 Nf6 5. h3 Nbd7 6. Nbd2 O-O 7. e3 Re8 8. Bd3
e5 9. dxe5 Nxe5 10. Nxe5 Rxe5 11. Nf3 Re8 12. O-O h6 13. Bh4 a6 14. Rc1 c6 15.
a4 Qb6 16. b4 Ne4 17. a5 Qc7 18. Bxe4 dxe4 19. Bg3 Qd7 20. Qxd7 Bxd7 1/2-1/2

[Event "MFR_QT_2015"]
[Site "Nürnberg"]
[Date "2015.04.02"]
[Round "5.11"]
[White "Chowdhury, Sandip"]
[Black "Babichev, Vyacheslav"]
[Result "0-1"]
[WhiteElo "1540"]
[BlackElo "1830"]
[PlyCount "90"]
[EventDate "2015.??.??"]
[WhiteTeam "SC NT Nürnberg"]
[BlackTeam "SW Nürnberg Süd"]

1. e4 e5 2. Nf3 Nc6 3. Bc4 Be7 4. O-O Nf6 5. d3 d6 6. h3 Na5 7. Bb3 Nxb3 8.
axb3 O-O 9. Nc3 h6 10. Ne2 Nh5 11. g4 Nf6 12. Nh2 Nh7 13. f4 exf4 14. Bxf4 Ng5
15. Kg2 d5 16. Ng3 Ne6 17. Be3 d4 18. Bd2 c5 19. Nf5 Bf6 20. Nf3 Ng5 21. Bf4
Bxf5 22. gxf5 Nxf3 23. Qxf3 Bg5 24. Kh1 Bxf4 25. Qxf4 Qd7 26. h4 Kh7 27. Rg1 b6
28. Rg4 Rg8 29. h5 Raf8 30. Qg3 a5 31. Rg1 f6 32. Kg2 b5 33. Ra1 Ra8 34. Rh4
Rae8 35. Rhh1 Re5 36. Kf2 Kh8 37. Ke2 Qxf5 38. Qf3 Qe6 39. Kd2 c4 40. bxc4 bxc4
41. Ra4 Rc8 42. Rha1 cxd3 43. cxd3 Qb3 44. Qd1 Qxb2+ 45. Ke1 Rg5 0-1

[Event "MFR_QT_2015"]
[Site "Nürnberg"]
[Date "2015.04.02"]
[Round "5.12"]
[White "Grieneisen Pivatto, Tanja"]
[Black "Rummel, Gerald"]
[Result "0-1"]
[WhiteElo "1055"]
[BlackElo "1809"]
[PlyCount "56"]
[EventDate "2015.??.??"]
[WhiteTeam "FSV Großenseebach"]
[BlackTeam "SC Anderssen Nbg"]

1. e4 e6 2. d4 d5 3. Nc3 Bb4 4. Bd2 c5 5. Nf3 Nc6 6. Bb5 Nge7 7. a3 Bxc3 8.
Bxc3 dxe4 9. Ne5 cxd4 10. Bxd4 Qa5+ 11. b4 Qxb5 12. Nxc6 Nxc6 13. Bxg7 Rg8 14.
Qg4 Qf5 15. Qxf5 exf5 16. Bf6 Rg6 17. Bc3 Rxg2 18. O-O-O Be6 19. Rd2 Rd8 20.
Rhd1 Rxd2 21. Rxd2 Rxh2 22. b5 Ne7 23. Bf6 Nd5 24. Be5 Rh1+ 25. Kb2 e3 26. fxe3
Nxe3 27. Rd4 Nc4+ 28. Kc3 Nxe5 0-1

[Event "MFR_QT_2015"]
[Site "Nürnberg"]
[Date "2015.04.02"]
[Round "5.13"]
[White "Walch, Roger"]
[Black "Grieneisen Pivatto, Nicolas"]
[Result "1-0"]
[WhiteElo "1757"]
[BlackElo "1412"]
[PlyCount "75"]
[EventDate "2015.??.??"]
[WhiteTeam "SW Nürnberg Süd"]
[BlackTeam "FSV Großenseebach"]

1. e4 e5 2. Bc4 Nc6 3. Nf3 Nf6 4. Nc3 Bc5 5. O-O d6 6. h3 h6 7. a3 O-O 8. d3
Re8 9. b4 Bb6 10. Na4 Be6 11. Nxb6 axb6 12. Bb5 Re7 13. Bb2 Na7 14. Ba4 d5 15.
exd5 Qxd5 16. Bb3 Qd6 17. Bxe5 Qd7 18. c4 c6 19. Qc2 Rd8 20. Rad1 Nh7 21. Bb2
Ng5 22. Ne5 Qc8 23. h4 Nh7 24. Qc3 Nf6 25. d4 Ne4 26. Qf3 Nf6 27. Qg3 Ne8 28.
d5 cxd5 29. cxd5 Bf5 30. d6 Rxd6 31. Rxd6 Nxd6 32. Nc6 Bg6 33. Nxe7+ Kf8 34.
Nxc8 Naxc8 35. Re1 Kg8 36. Qxg6 Kh8 37. Qxh6+ Kg8 38. Qxg7# 1-0

[Event "MFR_QT_2015"]
[Site "Nürnberg"]
[Date "2015.04.02"]
[Round "5.14"]
[White "Zeug, Klaus-Peter"]
[Black "Dreiseitel, Werner"]
[Result "1/2-1/2"]
[WhiteElo "1613"]
[BlackElo "1571"]
[PlyCount "38"]
[EventDate "2015.??.??"]
[WhiteTeam "SK Nürnberg"]
[BlackTeam "SC NT Nürnberg"]

1. e4 c6 2. d4 d5 3. exd5 cxd5 4. Bd3 Nf6 5. c3 a6 6. Bf4 Bg4 7. Qb3 b5 8. Nd2
Nc6 9. Ngf3 Bxf3 10. Nxf3 e6 11. O-O Bd6 12. Bxd6 Qxd6 13. a4 Na5 14. Qb4 Qxb4
15. cxb4 Nc6 16. axb5 Nxb4 17. Be2 a5 18. Ra4 Ke7 19. Ne5 Rhc8 1/2-1/2

[Event "MFR_QT_2015"]
[Site "Nürnberg"]
[Date "2015.04.02"]
[Round "5.15"]
[White "Cordts, Elof"]
[Black "Schmucker, Jonas"]
[Result "1-0"]
[WhiteElo "1779"]
[BlackElo "1447"]
[PlyCount "81"]
[EventDate "2015.??.??"]
[WhiteTeam "SC Erlangen"]
[BlackTeam "SC NT Nürnberg"]

1. c4 d5 2. cxd5 Qxd5 3. Nc3 Qa5 4. e4 Nf6 5. d3 e5 6. Bd2 c6 7. Nf3 Qc7 8. Be2
Be6 9. O-O Bc5 10. a3 Nbd7 11. b4 Bd4 12. Rc1 Qd6 13. Ng5 h6 14. Nxe6 Qxe6 15.
Qa4 g5 16. Qd1 g4 17. Be3 Bxe3 18. fxe3 h5 19. Rf5 O-O-O 20. Rg5 Rdg8 21. Rxg8+
Rxg8 22. Kf1 h4 23. Ke1 Nh5 24. Kd2 f5 25. exf5 Qxf5 26. Qf1 Qe6 27. Kc2 Rf8
28. Qg1 g3 29. Bf3 gxh2 30. Qxh2 h3 31. Rf1 hxg2 32. Bxg2 Rg8 33. Rf2 Qg4 34.
Bh3 Qg6 35. Bxd7+ Kxd7 36. Qxe5 Re8 37. Qf5+ Qxf5 38. Rxf5 Ng3 39. Rf3 Nh5 40.
Ne4 Re7 41. Kd2 1-0

[Event "MFR_QT_2015"]
[Site "Nürnberg"]
[Date "2015.04.02"]
[Round "5.16"]
[White "Dreiseitel, Ursula"]
[Black "Huber, Dominik"]
[Result "0-1"]
[WhiteElo "1483"]
[BlackElo "1087"]
[PlyCount "98"]
[EventDate "2015.??.??"]
[WhiteTeam "SC NT Nürnberg"]
[BlackTeam "SC NT Nürnberg"]

1. d4 d5 2. Nf3 Nc6 3. Bf4 Bf5 4. a3 e6 5. e3 Nf6 6. Nbd2 Bd6 7. Bxd6 Qxd6 8.
c4 Bg4 9. c5 Qe7 10. Be2 O-O 11. O-O Ne4 12. b4 Nxd2 13. Qxd2 Rad8 14. Rfc1 e5
15. b5 e4 16. Ne1 Bxe2 17. Qxe2 Nb8 18. c6 bxc6 19. bxc6 Rd6 20. g3 Nxc6 21.
Nc2 Na5 22. Rab1 Nc4 23. a4 Ra6 24. Rb5 Qd7 25. Nb4 Rxa4 26. Rxd5 Nd6 27. Nc6
Qe6 28. Re5 Qa2 29. Qxa2 Rxa2 30. Re7 Rc8 31. Nb4 Ra4 32. Nd5 c6 33. Nc7 Kf8
34. Rd7 Nc4 35. d5 Nb6 36. dxc6 Nxd7 37. cxd7 Rd8 38. Rd1 Rb4 39. Na6 Rb6 40.
Nc5 a5 41. Ra1 Rb5 42. Nxe4 Rxd7 43. Nc3 Rb3 44. Ne4 Ra7 45. Nc5 Rb5 46. Na4
Rb4 47. Kf1 Rc7 48. Ra2 Rcc4 49. Nb2 Rc2 0-1

[Event "MFR_QT_2015"]
[Site "Nürnberg"]
[Date "2015.04.02"]
[Round "5.17"]
[White "Hauck, Martin"]
[Black "Leibel, Georg"]
[Result "0-1"]
[WhiteElo "904"]
[BlackElo "1221"]
[PlyCount "80"]
[EventDate "2015.??.??"]
[WhiteTeam "SC NT Nürnberg 1873"]
[BlackTeam "SC NT Nürnberg"]

1. e4 e5 2. Nf3 Nc6 3. Nc3 Nf6 4. d4 exd4 5. Nxd4 Bc5 6. Be3 d6 7. h3 O-O 8.
Qd2 Bd7 9. O-O-O Re8 10. f3 a6 11. g4 Ne5 12. f4 Nc6 13. Bg2 Be6 14. Nxe6 Bxe3
15. Qxe3 Rxe6 16. e5 Nd7 17. Bd5 Re7 18. e6 fxe6 19. Bxe6+ Kh8 20. f5 Nc5 21.
h4 Ne5 22. g5 Nxe6 23. fxe6 Rxe6 24. Rhf1 Qe7 25. Nd5 Qd7 26. Qc3 Rc8 27. h5
Qd8 28. Nf4 Qxg5 29. Qb3 Rf6 30. Qxb7 Rxf4 31. Qxc8+ Rf8+ 32. Kb1 Rxc8 33. Rh1
Nc4 34. a3 Qb5 35. b4 Nxa3+ 36. Ka2 Qxb4 37. Rb1 Nxb1 38. Rxb1 Qxb1+ 39. Kxb1
Rb8+ 40. Kc1 a5 0-1